Statistiques concernant Né à Lille

Cliquez ici pour prendre le quiz!

Statistiques générales

  • Ce quiz a été pris 170 fois
    (46 depuis la dernière actualisation)
  • Le résultat moyen est 3 sur 9

Statistiques - réponses

Réponse% Correct
Président de la république, chef de la France libre et général1890Charles de Gaulle
98%
Footballeur international, Manchester United1993Raphael Varane
41%
Footballeuse internationale, Olympique lyonnais1989Amandine Henry
34%
Footballeur, Borussia Mönchengladbach1993Alassane Pléa
32%
Acteur, "Cinema Paradiso" "La Vie et rien d'autre"1930Philippe Noiret
32%
Compositeur de la chanson "Le Temps des cerises"1825Antoine Renard
18%
Général pendant la guerre franco-prussienne et administrateur colonial du Sénégal1818Louis Faidherbe
7%
Reine de France et l'épouse de roi Philippe II1170Isabelle de Hainaut
2%
Physicien, il recoit le prix Nobel de physique en 19261870Jean Perrin
2%

Distribution des résultats

Percentile par nombre de réponses

% des personnes avec chaque résultat

Votre développement - résultats

Vous n’avez pas pris ce quiz depuis la dernière actualisation